Electronic devices and circuits (Record no. 6711)

MARC details
000 -LEADER
fixed length control field 00938 a2200253 4500
005 - DATE AND TIME OF LATEST TRANSACTION
control field 20080908113546.0
008 - FIXED-LENGTH DATA ELEMENTS--GENERAL INFORMATION
fixed length control field 080908t xxu||||| |||| 00| 0 eng d
010 ## - LCCN (DPL NO)
LC control number ENG-87604
020 ## - INTERNATIONAL STANDARD BOOK NUMBER
Terms of availability 260.00
International Standard Book Number 0070660492
035 ## - SYSTEM CONTROL NUMBER
System control number EN-71137
037 ## - SOURCE OF ACQUISITION
Source of stock number/acquisition D.B.Act / Pub
082 ## - DEWEY DECIMAL CLASSIFICATION NUMBER
Classification number 621.3815
100 ## - MAIN ENTRY--PERSONAL NAME
Personal name Salivahanan, S.
245 ## - TITLE STATEMENT
Title Electronic devices and circuits
Statement of responsibility, etc by Salivahanan, S. , N. Suresh Kumar and A. vallavaraj
250 ## - EDITION STATEMENT
Edition statement 2nd ed.
260 ## - PUBLICATION, DISTRIBUTION, ETC. (IMPRINT)
Place of publication, distribution, etc New Delhi
Name of publisher, distributor, etc Tata McGraw-Hill Publishing
Date of publication, distribution, etc 2007
270 ## - ADDRESS
Address 7, West Patel Nagar
City New Delhi
Postal code 110008
300 ## - PHYSICAL DESCRIPTION
Extent xviii, 946 p.
Dimensions 23 cm. (Pbk)
500 ## - GENERAL NOTE
General note Includes index
700 ## - ADDED ENTRY--PERSONAL NAME
Personal name Suresh Kumar, N.
700 ## - ADDED ENTRY--PERSONAL NAME
Personal name Vallavaraj, A.
942 ## - ADDED ENTRY ELEMENTS (KOHA)
Institution code [OBSOLETE] dpl
Item type English Books
Call number prefix 621.3815 / SAL
Source of classification or shelving scheme Dewey Decimal Classification
Classification part 621.3815
Call number suffix SAL
Holdings
Withdrawn status Lost status Damaged status Not for loan Collection code Home library Current library Date acquired Cost, normal purchase price Total Checkouts Full call number Barcode Date last seen Copy number Cost, replacement price Koha item type
      Not For Loan Non-fiction D.B.Act.Division D.B.Act.Division 08/09/2008 260.00   621.3815 SAL EN-71137 15/09/2008 1 260.00 English Books

© Delhi Public Library
Hit Counter
free hit counter